Time-dependent Mechanical Properties of Solids / (Record no. 32140)
[ view plain ]
| 000 -LEADER | |
|---|---|
| fixed length control field | 01957cam a22003377a 4500 |
| 001 - CONTROL NUMBER | |
| control field | 15419534 |
| 003 - CONTROL NUMBER IDENTIFIER | |
| control field | OSt |
| 005 - DATE AND TIME OF LATEST TRANSACTION | |
| control field | 20211007102854.0 |
| 008 - FIXED-LENGTH DATA ELEMENTS--GENERAL INFORMATION | |
| fixed length control field | 080820s2008 sz a b 001 0 eng d |
| 010 ## - LIBRARY OF CONGRESS CONTROL NUMBER | |
| LC control number | 2008276691 |
| 020 ## - INTERNATIONAL STANDARD BOOK NUMBER | |
| International Standard Book Number | 9780878494767 (pbk.) |
| 035 ## - SYSTEM CONTROL NUMBER | |
| System control number | (OCoLC)ocn225554970 |
| 038 ## - RECORD CONTENT LICENSOR | |
| Staff Name | khadija |
| 040 ## - CATALOGING SOURCE | |
| Original cataloging agency | COP |
| Transcribing agency | COP |
| Modifying agency | COP |
| -- | BTCTA |
| -- | BAKER |
| -- | YDXCP |
| -- | DLC |
| 042 ## - AUTHENTICATION CODE | |
| Authentication code | lccopycat |
| 050 00 - LIBRARY OF CONGRESS CALL NUMBER | |
| Classification number | QC176.2 |
| Item number | .G73 2008 |
| 082 00 - DEWEY DECIMAL CLASSIFICATION NUMBER | |
| Classification number | 620.11292 |
| Edition number | 22 |
| Author Mark | GRA |
| 100 1# - MAIN ENTRY--PERSONAL NAME | |
| Personal name | Gräfe, Wolfgang. |
| 9 (RLIN) | 82978 |
| 245 10 - TITLE STATEMENT | |
| Title | Time-dependent Mechanical Properties of Solids / |
| Statement of responsibility, etc. | Wolfgang Gräfe. |
| 260 ## - PUBLICATION, DISTRIBUTION, ETC. | |
| Place of publication, distribution, etc. | Stafa-Zuerich ; |
| -- | Enfield, N.H. : |
| Name of publisher, distributor, etc. | Trans Tech Publications, |
| Date of publication, distribution, etc. | 2008. |
| 300 ## - PHYSICAL DESCRIPTION | |
| Extent | 161 p. : |
| Other physical details | ill. ; |
| Dimensions | 25 cm. |
| 440 #0 - SERIES STATEMENT/ADDED ENTRY--TITLE | |
| Title | Materials science foundations, |
| International Standard Serial Number | 1422-3597 ; |
| Volume/sequential designation | v. 45 |
| 9 (RLIN) | 82979 |
| 504 ## - BIBLIOGRAPHY, ETC. NOTE | |
| Bibliography, etc. note | Includes bibliographical references and index. |
| 505 0# - FORMATTED CONTENTS NOTE | |
| Formatted contents note | Migration processes induced in solids -- Stress relaxation in glasses -- Density relaxations in glasses -- The background of internal friction -- Creep of steel and the static fatigue of glass -- The activation energy of the static fatigue and creep -- Fatigue due to an oscillating load of steel and aluminum -- Statistical checks of Stromeyer's fatigue formula -- Models for defect growth -- Generalized laws of strength degradation -- A compressive stress resulting from Tamm's electronic surface states -- The activation energy of creep and the surface energy of solids -- Open questions -- Nonlinear regression -- Solutions for the damped oscillations 1 -- Solutions for the damped oscillations 2 -- Harmonics by stress relaxation -- The approximate linearity of equation (7.9) -- A tube-like specimen for fatigue tests |
| 563 ## - BINDING INFORMATION | |
| Binding note | PB |
| 650 #0 - SUBJECT ADDED ENTRY--TOPICAL TERM | |
| Topical term or geographic name entry element | Solids |
| General subdivision | Mechanical properties. |
| 9 (RLIN) | 82980 |
| 650 #0 - SUBJECT ADDED ENTRY--TOPICAL TERM | |
| Topical term or geographic name entry element | Glass. |
| 9 (RLIN) | 42787 |
| 906 ## - LOCAL DATA ELEMENT F, LDF (RLIN) | |
| a | 7 |
| b | cbc |
| c | copycat |
| d | 2 |
| e | ncip |
| f | 20 |
| g | y-gencatlg |
| 942 ## - ADDED ENTRY ELEMENTS (KOHA) | |
| Source of classification or shelving scheme | |
| Koha item type | Book |
| Withdrawn status | Lost status | Source of classification or shelving scheme | Damaged status | Not for loan | Permanent Location | Current Location | Shelving location | Date acquired | Full call number | Barcode | Date last seen | Price effective from | Koha item type | Public note |
|---|---|---|---|---|---|---|---|---|---|---|---|---|---|---|
| School of Mechanical & Manufacturing Engineering (SMME) | School of Mechanical & Manufacturing Engineering (SMME) | General Stacks | 07/27/2015 | 620.11292 GRA | SMME-730 | 03/15/2018 | 07/27/2015 | Book | Rack,39-Shelf,3 |
